ARRUPE JESUIT UNIVERSITY

CORONAVIRUS -STOP THE SPREAD - CLEAN,DISINFECT,COVER

Salambo / (Record no. 121276)

MARC details
000 -LEADER
fixed length control field 00455nam a22001337a 4500
008 - FIXED-LENGTH DATA ELEMENTS--GENERAL INFORMATION
fixed length control field 141119b xxu||||| |||| 00| 0 eng d
050 ## - LIBRARY OF CONGRESS CALL NUMBER
Classification number PQ 2246.S3
100 ## - MAIN ENTRY--PERSONAL NAME
Personal name Flaubert, Gustave
9 (RLIN) 12736
245 ## - TITLE STATEMENT
Title Salambo /
Statement of responsibility, etc translated by Powys Mathers; introduction by Gerard Hopkins. Engravings on copper by Ru Van Rossem
260 ## - PUBLICATION, DISTRIBUTION, ETC. (IMPRINT)
Place of publication, distribution, etc London
Name of publisher, distributor, etc The Folio Society
Date of publication, distribution, etc 1940
300 ## - PHYSICAL DESCRIPTION
Extent 303p.
Dimensions 23cm.
700 ## - ADDED ENTRY--PERSONAL NAME
Personal name Mathers, Powys(tr.)
9 (RLIN) 12737
942 ## - ADDED ENTRY ELEMENTS (KOHA)
Source of classification or shelving scheme Library of Congress Classification
Item type Monograph ( Printed materials)
Holdings
Withdrawn status Lost status Source of classification or shelving scheme Damaged status Not for loan Home library Current library Shelving location Date acquired Total Checkouts Full call number Barcode Date last seen Price effective from Koha item type
    Library of Congress Classification     ARRUPE LIBRARY ARRUPE LIBRARY Main Collection 19/11/2014   PQ 2246.S3 46500003630 19/11/2014 19/11/2014 Monograph ( Printed materials)

 

Arrupe Library. PO Box MP320 Mt Pleasant, Harare, Zimbabwe
263 242 745411|librarian@aju.ac.zw